<?xml version="1.0" encoding="UTF-8"?>
<record
    xmlns:xsi="http://www.w3.org/2001/XMLSchema-instance"
    xsi:schemaLocation="http://www.loc.gov/MARC21/slim http://www.loc.gov/standards/marcxml/schema/MARC21slim.xsd"
    xmlns="http://www.loc.gov/MARC21/slim">

  <leader>01190nam2a22002651  4500</leader>
  <controlfield tag="001">rc\147046</controlfield>
  <controlfield tag="005">20250612170653.0</controlfield>
  <datafield tag="010" ind1=" " ind2=" ">
    <subfield code="a">5-7395-0015-X</subfield>
    <subfield code="9">100000</subfield>
  </datafield>
  <datafield tag="035" ind1=" " ind2=" ">
    <subfield code="a">(NLR Aleph) 008742961</subfield>
  </datafield>
  <datafield tag="090" ind1=" " ind2=" ">
    <subfield code="a">9539485</subfield>
    <subfield code="c">9539485</subfield>
  </datafield>
  <datafield tag="100" ind1=" " ind2=" ">
    <subfield code="a">20030307d1994    |||y0rusy50      ca</subfield>
  </datafield>
  <datafield tag="101" ind1="0" ind2=" ">
    <subfield code="a">rus</subfield>
  </datafield>
  <datafield tag="102" ind1=" " ind2=" ">
    <subfield code="a">RU</subfield>
  </datafield>
  <datafield tag="105" ind1=" " ind2=" ">
    <subfield code="a">a   |||||||||</subfield>
  </datafield>
  <datafield tag="200" ind1="1" ind2=" ">
    <subfield code="a">&#x417;&#x430;&#x432;&#x435;&#x449;&#x430;&#x43D;&#x438;&#x435; &#x447;&#x443;&#x434;&#x430;&#x43A;&#x430;</subfield>
    <subfield code="e">[&#x420;&#x43E;&#x43C;&#x430;&#x43D;</subfield>
    <subfield code="f">&#x41F;&#x435;&#x440;. &#x412;. &#x411;&#x430;&#x440;&#x431;&#x430;&#x448;&#x435;&#x432;&#x43E;&#x439;]</subfield>
  </datafield>
  <datafield tag="210" ind1=" " ind2=" ">
    <subfield code="c">&#x424;&#x440;&#x44D;&#x434;</subfield>
    <subfield code="d">1994</subfield>
    <subfield code="a">&#x411;. &#x43C;.</subfield>
  </datafield>
  <datafield tag="215" ind1=" " ind2=" ">
    <subfield code="a">397, [2] &#x441;.</subfield>
    <subfield code="c">&#x438;&#x43B;.</subfield>
  </datafield>
  <datafield tag="300" ind1=" " ind2=" ">
    <subfield code="a">&#x41D;&#x430; &#x43F;&#x435;&#x440;. &#x442;&#x43E;&#x43B;&#x44C;&#x43A;&#x43E; &#x430;&#x432;&#x442;. &#x438; &#x437;&#x430;&#x433;&#x43B;. &#x442;&#x43E;&#x43C;&#x430;</subfield>
  </datafield>
  <datafield tag="461" ind1=" " ind2="0">
    <subfield code="1">001rc\147034</subfield>
    <subfield code="1">2001#$a&#x421;&#x43E;&#x431;&#x440;&#x430;&#x43D;&#x438;&#x435; &#x441;&#x43E;&#x447;&#x438;&#x43D;&#x435;&#x43D;&#x438;&#x439;$e&#x412; 50 &#x442;.$e[&#x41F;&#x435;&#x440;. &#x441; &#x444;&#x440;.]$f&#x416;&#x44E;&#x43B;&#x44C; &#x412;&#x435;&#x440;&#x43D;$g[&#x421;&#x43E;&#x441;&#x442;. &#x410;.&#x412;. &#x41A;&#x443;&#x43A;&#x430;&#x440;&#x43A;&#x438;&#x43D;]$v&#x422;. 12</subfield>
    <subfield code="1">700#1$a&#x412;&#x435;&#x440;&#x43D;$b&#x416;.$g&#x416;&#x44E;&#x43B;&#x44C;$f1828-1905</subfield>
    <subfield code="9">7805032</subfield>
    <subfield code="a">&#x412;&#x435;&#x440;&#x43D;, &#x416;. (1828-1905)</subfield>
    <subfield code="c">&#x41C;.</subfield>
    <subfield code="d">1992-</subfield>
    <subfield code="f">&#x416;&#x44E;&#x43B;&#x44C; &#x412;&#x435;&#x440;&#x43D;</subfield>
    <subfield code="n">&#x418;&#x437;&#x434;. &#x444;&#x438;&#x440;&#x43C;&#x430; "&#x414;&#x430;&#x439;&#x434;&#x436;&#x435;&#x441;&#x442;"</subfield>
    <subfield code="o">&#x412; 50 &#x442;. : [&#x41F;&#x435;&#x440;. &#x441; &#x444;&#x440;.]</subfield>
    <subfield code="t">&#x421;&#x43E;&#x431;&#x440;&#x430;&#x43D;&#x438;&#x435; &#x441;&#x43E;&#x447;&#x438;&#x43D;&#x435;&#x43D;&#x438;&#x439;</subfield>
    <subfield code="y">5768500383</subfield>
    <subfield code="v">&#x422;. 12</subfield>
  </datafield>
  <datafield tag="604" ind1=" " ind2="1">
    <subfield code="1">50010$a&#x417;&#x430;&#x432;&#x435;&#x449;&#x430;&#x43D;&#x438;&#x435; &#x447;&#x443;&#x434;&#x430;&#x43A;&#x430;$2psbo</subfield>
    <subfield code="t">&#x417;&#x430;&#x432;&#x435;&#x449;&#x430;&#x43D;&#x438;&#x435; &#x447;&#x443;&#x434;&#x430;&#x43A;&#x430;</subfield>
  </datafield>
  <datafield tag="801" ind1=" " ind2="0">
    <subfield code="a">RU</subfield>
    <subfield code="b">NLR</subfield>
    <subfield code="g">psbo</subfield>
  </datafield>
  <datafield tag="801" ind1=" " ind2="1">
    <subfield code="a">RU</subfield>
    <subfield code="b">ELAR</subfield>
    <subfield code="2">rusmarc</subfield>
  </datafield>
  <datafield tag="852" ind1=" " ind2=" ">
    <subfield code="a">NLR</subfield>
    <subfield code="j">93-3/7888</subfield>
  </datafield>
  <datafield tag="942" ind1=" " ind2=" ">
    <subfield code="c">BOOK</subfield>
  </datafield>
  <datafield tag="980" ind1=" " ind2=" ">
    <subfield code="a">NB</subfield>
  </datafield>
  <datafield tag="995" ind1=" " ind2=" ">
    <subfield code="5">2013-10-26</subfield>
    <subfield code="b">NLR01</subfield>
    <subfield code="c">NLR01</subfield>
    <subfield code="e">RF91</subfield>
    <subfield code="f">8742961-10</subfield>
    <subfield code="k">93-3/7888</subfield>
    <subfield code="o">0</subfield>
    <subfield code="r">BOOK</subfield>
    <subfield code="s">9337888_</subfield>
  </datafield>
</record>
